Click the IUCN Red List - Statistics

General Stats
  • This quiz has been taken 31 times
    8 since last reset
  • The average score is 15 of 37
Answer Stats
Hint Explanation Answer % Correct
Asiatic Cheetah Critically Endangered
83%
Gharial Critically Endangered
67%
Tiger Endangered
67%
Ganges Dolphin National Aquatic Animal of India. Endangered
67%
Lion tailed macaque Endemic to Western Ghats. Endangered
67%
African Forest Elephant Critically Endangered
50%
Hangul Jammu Kashmir Critically Endangered
50%
Bengal Florican a unique bird that is the only member of the Houbaropsis genus. Critically Endangered
50%
Humpback Masheer Called Tiger of water, endemic to Kaveri river basin. Critically Endangered
50%
Fire corals : Critically Endangered
50%
Sangai Manipur Critically Endangered
50%
Asian Elephant Jharkhand, Karnataka , Kerala Endangered
50%
Puma : not found in India. Least Concern
50%
Black Buck Punjab, Haryana, Andhra Pradesh Least Concern
50%
Chinkara Rajasthan Least Concern
50%
Jaguar not found in India. Near threatened
50%
African Cheetah : Vulnerable
50%
Fishing Cat West Bengal Vulnerable
50%
African Savanna Elephant Endangered
33%
Red Panda Sikkim Endangered
33%
Wild Water Buffalo Chhattisgarh Endangered
33%
American Bison : In 2016, the American bison became the national mammal of the United States Near Threatened
33%
Clouded Leopard Meghalaya Vulnerable
33%
Snow Leopard Himachal Pradesh, Ladakh Vulnerable
33%
Dugong Also called Sea Cow. Andaman and Nicobar Islands. Herbivores Marine animal., Vulnerable
33%
Indian Bison (Gaur) Bihar , Goa Vulnerable
33%
Olive Ridley Turtle Vulnerable
33%
Nilgiri Tahr Tamil Nadu Endangered
17%
Eastern hoolock gibbon Endangered
17%
Pangolin Endangered
17%
Alpine Musk Deer Uttarakhand Endangered
17%
Asiatic Lion Gujarat Vulnerable
17%
One Horned Rhino Assam Vulnerable
17%
Western hoolock gibbon Vulnerable
17%
Mithun / Gayal Arunachal Pradesh, Nagaland Vulnerable
17%
Swamp Deer Madhya Pradesh, Uttar Pradesh Vulnerable
17%
Himalayan Serow Mizoram Vulnerable
17%
No matching quizzes found
Score Distribution
Percent of People with Each Score
Percentile by Number Answered
Your Score History
You have not taken this quiz since the last reset